01189cam a2200241 a 450000100100000000500170001000800410002704000230006808200190009110000390011024501120014926000560026130000210031749000210033850400410035950504090040065000200080965000220082965100190085170000250087070000310089583000210092600000824120200929161322.0770310s1974 cu b f000 e spa  aDO-SdBNPcDLCdDLC aCu864.4bF825e1 aFranco, José Luciano,d1891-198910aEnsayos históricos /cJosé Luciano Franco ; prólogo de Julio Le Riverend, edición de Jorge Pérez. aLa Habana :bEditorial de Ciencias Sociales,c1974. a230 p. ;c18 cm.1 aNuestra historia aIncluye referencias bibliográficas0 aEsquemas de los movimientos populares de liberación nacional, 1511-1868.--Piratas, corsarios, filibusteros y contrabandistas, siglos XVIII y XIX.--La conspiración de Morales.--Comercio clandestino de esclavos en el siglo XIX.--La conspiración de Aponte, 1812.--La conjura de los negreros.--La Revolución Cubana en la prensa norteamericana.--Riesgos y desventuras tricontinentales de José Maceo. 4aEnsayos cubanos 4aLiteratura cubana 4aCubaxHistoria1 aPérez, Jorge,eed.1 aRiverend, Julio Le,eprol. 0aNuestra historia